Online Catalogue and eLibrary

Judgement reserved : (Record no. 2853)

MARC details
000 -LEADER
fixed length control field 00501nam a2200181Ia 4500
005 - DATE AND TIME OF LATEST TRANSACTION
control field 20240614022815.0
008 - FIXED-LENGTH DATA ELEMENTS--GENERAL INFORMATION
fixed length control field 240331s9999 xx 000 0 und d
082 ## - DDC Classification
Item Number - Author Mark JAY
Class No. 346
100 ## - MAIN ENTRY--PERSONAL NAME
Personal name Jayasuriya, D.C,
245 #0 - TITLE STATEMENT
Title Judgement reserved :
Remainder of title breast feeding, bottle feeding and the International code
250 ## - EDITION STATEMENT
Edition statement 1 st
260 ## - PUBLICATION, DISTRIBUTION, ETC.
Place of publication, distribution, etc. Sri Lanka
Name of publisher, distributor, etc. Asian pathfinder publishers
Date of publication, distribution, etc. 1984
300 ## - PHYSICAL DESCRIPTION
Extent (e.g. Volumes, Pages etc.) 114 p .,
650 ## - SUBJECT ADDED ENTRY--TOPICAL TERM
Topical term or geographic name entry element Women
650 ## - SUBJECT ADDED ENTRY--TOPICAL TERM
Topical term or geographic name entry element Brest - milk substitutes
650 ## - SUBJECT ADDED ENTRY--TOPICAL TERM
Topical term or geographic name entry element Health
942 ## - Koha item type (Biblio)
Koha item type Books in Stacks (Lending)
Holdings
Lost status Damaged status Collection code Home library Current library Shelving location Date acquired Full call number Accession Number Item type
    Lending WERC Library WERC Library Social Science Cupboard 03/31/2024 346 JAY 1094 Books in Stacks (Lending)

© WERC Library